00731nam a22001937a 450000500170000001000120001702000260002908200110005510000290006624501140009525000060020926000490021527001190026430000240038350000450040770000410045294200250049399900190051820250124162047.0 aBACIN25 a9789358707212c550.00 a00021 aKochhar, Sandeep 977017 aThe 99 Percentile CAT:bVerbal Ability & Reading Comprehension/cby Sandeep Kochhar [and] Vishwapriya Kochhar a1 aNew DelhibS Chand and Company Limitedc2024 a A-27, 2nd Floor, Mohan Co-operative Industrial EstatebNew Delhie110044minfo@schandpublishing.comk011-49731800 axiv,498p.c23cm(pb) a Guide by IIM Alumni + 5 Free Mock Tests aKochhar, Vishwapriya eAuthor974958 2ddccENh000mKOCe1 c208702d208702